Villes françaises à partir de 3 naissances célèbres - Statistiques

Statistiques générales
  • Ce quiz a été pris 371 fois
  • Le résultat moyen est 5 sur 18
Statistiques - réponses
Personnalités Ville % Correct
Napoléon Ier, Tino Rossi, Alizée Ajaccio
95%
Anne de Bretagne, Jules Verne, Aristide Briand Nantes
49%
Stendhal, Jean-Pierre Castaldi, Mister V Grenoble
48%
Louis XVI, Michel Gondry, Laurence Boccolini Versailles
45%
Henri IV, Tony Estanguet, Vianney Pau
38%
Giuseppe Garibaldi, Simone Veil, Michèle Laroque Nice
33%
Pierre Corneille, Gustave Flaubert, François Hollande Rouen
31%
Blaise Pascal, Édouard Michelin, Gabriella Papadakis Clermont-Ferrand
30%
François Fillon, Jo-Wilfried Tsonga, Emma Mackey Le Mans
28%
Thérèse de Lisieux, Daniel Balavoine, Orelsan Alençon
21%
Richard II d'Angleterre, François Mauriac, Sempé Bordeaux
20%
Saint-John Perse, Lilian Thuram, Teddy Riner Pointe-à-Pitre
18%
Alfred Dreyfus, William Wyler, Thierry Omeyer Mulhouse
17%
Gilbert Bécaud, Christophe Dominici, Camélia Jordana Toulon
15%
Jean-Philippe Rameau, Gustave Eiffel, Denis Brogniart Dijon
13%
Jean Moulin, Laeticia Hallyday, Richard Gasquet Béziers
12%
Jean Lefebvre, Pierre Richard, Gérald Darmanin Valenciennes
10%
Pierre Pflimlin, Bernard Arnault, Chantal Ladesou Roubaix
9%
Aucun quiz correspondant
Distribution des résultats
% des personnes avec chaque résultat
Percentile par nombre de réponses
Votre historique - résultats
Vous n’avez pas pris ce quiz